000 00256 a2200109 4500
000 nam a22 7a 4500
005 20260226151553.0
100 _aSahay, Vijoy S.
_91116786
245 _aAnthropological thought
260 _bRawat
_c2024
942 _cTEXL
999 _c1680288
_d1680288